| 000 | 00822nam a2200193Ii 4500 | ||
|---|---|---|---|
| 003 | JO-AjNU | ||
| 008 | 230605s9999||||xx |||||||||||||| ||und|| | ||
| 040 |
_aJO-AjNU _bara _erda _cJO-AjNU |
||
| 041 | _aara | ||
| 050 | 1 | 4 | _aLB1139 1983 |
| 100 | 3 |
_aمونرو،ماريون مؤلف/ناشد سامي،مترجم/القوصي،عبد العزيز مراجع ومقدم, _eauthor _912872 |
|
| 245 | 0 | 0 | _aتنمية وعي القراءة:الإستعداد للقراءة وكيف ينشأ في البيت والمدرسة |
| 264 | 3 | 1 | _aالقاهرة:دار المعرفة،1983 |
| 300 | _a357ص | ||
| 336 |
_atext _btxt _2rdacontent |
||
| 337 |
_aunmediated _bn _2rdamedia |
||
| 338 |
_avolume _bnc _2rdacarrier |
||
| 650 | 4 |
_aالقراءة (التعليم الابتدائي). قراءة-قابلية للتعلم. _912873 |
|
| 999 |
_aA3057 _c6625 _d6625 |
||